Fête des morts (mort subite) - Statistiques

Statistiques générales
  • Ce quiz a été pris 97 fois
  • Le résultat moyen est 13 sur 19
Answers on the Grid
Answers color-coded by a green-red scale on the quiz's grid according to % correct below.
Deuil
Embaumement
Inhumation
Columbarium
Funérarium
Réduction de cors
Condoléances
Burne bijou
Dessiccation
Bière
Les Zobs secs
Epitaphe
Exhumation
Frigidarium
Linceul
Recueillement
Mausolée
Nécrologie
Niche funéraire
Pierre tombale
Livre de condoléances
Sépulture
Noeuds commémoratifs
 
Statistiques - réponses
Réponse % Correct
Deuil
97%
Condoléances
91%
Funérarium
87%
Pierre tombale
87%
Recueillement
85%
Inhumation
82%
Embaumement
80%
Sépulture
80%
Exhumation
78%
Livre de condoléances
77%
Nécrologie
75%
Niche funéraire
70%
Mausolée
65%
Linceul
53%
Epitaphe
52%
Bière
42%
Columbarium
28%
Frigidarium
27%
Dessiccation
19%
Aucun quiz correspondant
Distribution des résultats
% des personnes avec chaque résultat
Percentile par nombre de réponses
Votre historique - résultats
Vous n’avez pas pris ce quiz